000 00403nam a2200157Ia 4500
005 20250220164705.0
008 231217s9999 xx 000 0 und d
020 _a9788131405482
082 _a621.47 JAN;1 R
100 _aJanardhan Rao.
245 0 _aAlternative energy : an introduction
260 _c2006
_bIcfai
_aHyderabad
300 _aix, 245
650 _aAlternative,energy
942 _cAA
999 _c186772
_d186772